| 000 | 00594nam a2200205 i 4500 | ||
|---|---|---|---|
| 001 | 51614 | ||
| 003 | ES-MaACL | ||
| 005 | 20250728030930.0 | ||
| 007 | t| | ||
| 008 | 030814s1909 fr ||||1| fre d | ||
| 100 | 1 |
_aChicandard, G. _938478 |
|
| 245 | 1 | 3 |
_aLa photographie / _cG. Chicandard. |
| 260 |
_a[S.l. : _bs.n., _c1909] ( _eSaint Amand : _fBussière) |
||
| 300 |
_a330 p. ; _c18 cm. |
||
| 490 | 1 | _aEncyclopédie scientifique | |
| 650 | 0 | 7 |
_aFotografía _2embne _912943 |
| 830 | 0 |
_aEncyclopédie scientifique _9180883 |
|
| 852 |
_aES-MaACL _jD-4327 |
||
| 999 |
_c51614 _d51614 |
||